Penn State Nittany Lions Football Trivia - Statistics

General Stats
  • This quiz has been taken 431 times
  • The average score is 8 of 13
Answer Stats
Hint Answer % Correct
Conference that Penn State joined in 1993, becoming its 11th member Big 10
98%
Annual tradition where the fans all wear white for one home game a year {White} {Out}
94%
Running back drafted by the Giants with the #2 pick in 2018 Saquon Barkley
92%
Nickname for the city and its environs {Happy} Valley
89%
Penn State's stadium {Beaver} Stadium
80%
Current head coach James Franklin
80%
Head coach from 1966–2011 who won an NCAA record 409 games Joe Paterno
75%
City (technically a borough) which is home to Penn State University State College
69%
Penn State's all-time leader in passing yards and touchdowns (2018–2022) Sean Clifford
44%
Linebacker drafted by the Redskins with the #2 pick in 2000 LaVar Arrington
40%
Running back who finished #2 in Heisman voting in 1995 Ki-Jana Carter
31%
Running back who won the Heisman in 1973 and whose number (22) is the only number retired in any Penn State sport John Cappelletti
25%
Running back who had four separate games with over 250 yards rushing in 2002 Larry Johnson
15%
No matching quizzes found
Score Distribution
Percent of People with Each Score
Percentile by Number Answered
Your Score History
You have not taken this quiz